Travesías vanguardistas : (Record no. 181871)

MARC details
000 -LEADER
campo de control de longitud fija 00884nam a2200241 i 4500
001 - NÚMERO DE CONTROL
campo de control 181871
003 - IDENTIFICADOR DE NÚMERO DE CONTROL
campo de control ES-MaACL
005 - FECHA Y HORA DE LA ÚLTIMA TRANSACCIÓN
campo de control 20240508094213.0
008 - DATOS DE LONGITUD FIJA--INFORMACIÓN GENERAL
campo de control de longitud fija 130503s2009 sp | |||||||| | spa d
020 ## - NÚMERO INTERNACIONAL ESTÁNDAR DEL LIBRO
Número Internacional Estándar del Libro 978-84-96313-97-2
080 ## - NÚMERO DE LA CLASIFICACIÓN DECIMAL UNIVERSAL
Número de la Clasificación Decimal Universal 821.134.2-3.09"19"
100 1# - ENTRADA PRINCIPAL--NOMBRE DE PERSONA
Nombre de persona Ródenas de Moya, Domingo.
9 (RLIN) 98116
245 10 - MENCIÓN DEL TÍTULO
Título Travesías vanguardistas :
Resto del título ensayos sobre la prosa del Arte Nuevo /
Mención de responsabilidad, etc. Domingo Ródenas de Moya.
260 ## - PUBLICACIÓN, DISTRIBUCIÓN, ETC.
Lugar de publicación, distribución, etc. Madrid :
Nombre del editor, distribuidor, etc. Juan Pastor/Devenir,
Fecha de publicación, distribución, etc. 2009.
300 ## - DESCRIPCIÓN FÍSICA
Extensión 525 p. ;
Dimensiones 22 cm.
490 1# - MENCIÓN DE SERIE
Mención de serie Devenir ensayo ;
Designación de volumen o secuencia n. 18
650 04 - PUNTO DE ACCESO ADICIONAL DE MATERIA--TÉRMINO DE MATERIA
Término de materia o nombre geográfico como elemento de entrada Prosa española-
Subdivisión cronológica S.XX-
Subdivisión de forma Historia y crítica.
9 (RLIN) 16504
830 0# - PUNTO DE ACCESO ADICIONAL DE SERIE-TÍTULO UNIFORME
Título uniforme Devenir ensayo ;
Designación de volumen o secuencia 18
9 (RLIN) 184485
852 ## - LOCALIZACIÓN
Ubicación ES-MaACL
Número de control de estantería A-12682
itemnumber 188779
Sublocalización o colección R.148763
Ubicación en estantería Depósito 1
Signatura antigua Olim: N-5683
Encuadernación Donación: José Luis Abellán
903 ## - NOMBRE PERSONAL DE DONANTE
a Abellán, José Luis,
d 1933-2023
e Donante
q 1
9 176509
942 ## - ELEMENTOS DE ENTRADA SECUNDARIOS (KOHA)
Fuente del sistema de clasificación o colocación Clasificación decimal universal
Tipo de ítem Koha Libro impreso
Holdings
Estatus retirado Estado de pérdida Fuente del sistema de clasificación o colocación Estado de daño No para préstamo Biblioteca de origen Biblioteca actual Ubicación en estantería Fecha de adquisición Fuente de adquisición Total de préstamos Signatura topográfica completa Código de barras Visto por última vez Precio de reemplazo Tipo de ítem Koha
    Clasificación decimal universal     Biblioteca del Ateneo de Madrid Biblioteca del Ateneo de Madrid Depósito 1 03/05/2013 Donación   A-12682 1191129 23/02/2023 23/02/2023 Libro impreso